Memoria

Salvato in:
Dettagli Bibliografici
Ente Autore: Unversidad de Costa Rica
Natura: testo
Pubblicazione: San José: UCR
Tags: Aggiungi Tag
Nessun Tag, puoi essere il primo ad aggiungerne!!

MARC

LEADER 00000 a a2200000 04500
001 31366
003
040
090 |a 198200  
110 |a Unversidad de Costa Rica  
245 |a Memoria  
260 |a San José:   |b UCR  
300 |a 126 p.  
999 |c 16747  |d 16747